000 02294pam a22003974i 4500
001 64084747
003 OCoLC
005 20231030161535.0
008 060215s2006 miu b 001 0 eng
010 _a2006005249
020 _a0310263417
020 _a9780310263418
024 3 _a9780310263418
035 _a(OCoLC)64084747
_z(OCoLC)79433110
040 _aDLC
_beng
_erda
_cDLC
_dYDX
_dBAKER
_dBTCTA
050 0 0 _aBS1140.3
_bL856A
082 0 0 _a221
_222
_bL856A
092 _a221.61
_bL856A
100 1 _aLongman, Tremper,
_cIII.
_0https://id.loc.gov/authorities/names/n86078354
245 1 3 _aAn introduction to the Old Testament /
_cTremper Longman, III & Raymond B. Dillard.
250 _aSecond edition.
264 1 _aGrand Rapids, Mich. :
_bZondervan,
_c[2006]
264 4 _c©2006
300 _a528 pages ;
_c25 cm
336 _atext
_btxt
_2rdacontent
337 _aunmediated
_bn
_2rdamedia
338 _avolume
_bnc
_2rdacarrier
500 _aRevised edition of: An introduction to the Old Testament / Raymond B. Dillard and Tremper Longman. c1994.
504 _aIncludes bibliographical references and indexes.
505 0 _aIntroduction -- Genesis -- Exodus -- Leviticus -- Numbers -- Deuteronomy -- Joshua -- Judges -- Ruth -- Samuel -- Kings -- Chronicles -- Ezra-Nehemiah -- Esther -- Job -- Psalms -- Proverbs -- Ecclesiastes -- Song of songs -- Isaiah -- Jeremiah -- Lamentations -- Ezekiel -- Daniel -- Hosea -- Joel -- Amos -- Obadiah -- Jonah -- Micah -- Nahum -- Habakkuk -- Zephaniah -- Haggai -- Zechariah -- Malachi.
520 _aThis second edition of An Introduction to the Old Testament has been revised and updated to reflect recent advances in Old Testament scholarship. An upper-level introduction that includes callouts, charts, and graphs, it offers a solid understanding of three key issues: historical background, literary analysis, and theological message.
630 0 0 _aBible.
_pOld Testament
_0https://id.loc.gov/authorities/names/n79054379
_vIntroductions.
_0https://id.loc.gov/authorities/subjects/sh99001683
700 1 _aDillard, Raymond B.
_q(Raymond Bryan),
_d1944-1993.
_0https://id.loc.gov/authorities/names/n94079212
700 1 _aDillard, Raymond B.
_q(Raymond Bryan),
_d1944-1993.
_tIntroduction to the Old Testament.
942 _2ddc
_cBK
999 _c11116
_d11116